Loading...
| Literature - American Literature | 0 | 6 | 2 | 0 | 50 | 33 | 77.33 | 0 | 2 |
| Literature - European Literature | 0 | 5 | 0 | 0 | 50 | 26 | 83.80 | 1 | 1 |
| Philosophy | 0 | 5 | 1 | 1 | 45 | 59 | 96.80 | 0 | 1 |
| Literature - British Literature | 0 | 5 | 1 | 0 | 45 | 81 | 96.20 | 0 | 2 |
| Literature - World Literature | 0 | 5 | 2 | 0 | 40 | 47 | 96.20 | 0 | 2 |
| Fine Arts - Classical Music | 0 | 3 | 1 | 0 | 25 | 77 | 103.00 | 0 | 0 |
| Fine Arts - Painting and Sculpture | 0 | 2 | 0 | 1 | 20 | 115 | 124.50 | 0 | 0 |
| Fine Arts - Other Fine Arts | 0 | 2 | 1 | 0 | 15 | 71 | 102.00 | 0 | 1 |
| History - European History | 0 | 1 | 0 | 0 | 10 | 105 | 105.00 | 0 | 1 |
| History - American History | 0 | 1 | 0 | 0 | 10 | 47 | 47.00 | 0 | 1 |
| Religion | 0 | 1 | 0 | 0 | 10 | 106 | 106.00 | 0 | 0 |
| Social Science | 0 | 1 | 0 | 0 | 10 | 107 | 107.00 | 0 | 0 |
| History - World History | 0 | 0 | 1 | 0 | -5 | 0.00 | 0 | 0 |